| 000 | 00910cab a2200277 4500 | ||
|---|---|---|---|
| 001 | WB3002-16 | ||
| 008 | 090401t1994 xxu||||| |||| 00| 0 eng d | ||
| 035 | _a(Sirsi) u47399 | ||
| 041 | _aeng | ||
| 245 | _aCities fighting doughnut syndrome | ||
| 260 | _c1994 | ||
| 350 | _a0 | ||
| 490 |
_aIndependent on Sunday _v9 January 1994, p9(1) |
||
| 520 | _aResearch by DTZ reveals that six of the ten most profitable shopping locations are high streets, although some retailers in town centres fear competition from out-of-town retail centres. | ||
| 650 | _aHIGH STREETS | ||
| 650 | _aOXFORD STREET | ||
| 650 | _aPROPERTY MANAGERS ASSOCIATION | ||
| 650 | _aRETAILING | ||
| 650 | _aSHOPPING MALLS | ||
| 650 | _aTOWN CENTRE MANAGERS | ||
| 650 | _aTOWN CENTRES | ||
| 690 | _aPROPERTY-COMMERCIAL PROPERTY-RETAIL PROPERTY | ||
| 690 | _aPLANNING LAW AND PRACTICE | ||
| 942 | _n0 | ||
| 948 | _c04/03/1997 | ||
| 999 |
_c29895 _d29895 |
||